书目信息 |
| 题名: |
怎样组织田径运动会
|
|
| 作者: | 冯鸿钧 编著 | |
| 分册: | ||
| 出版信息: | 北京 人民体育出版社 1988.10 |
|
| 页数: | 80页 | |
| 开本: | 19cm | |
| 丛书名: | ||
| 单 册: | ||
| 中图分类: | G825.07 , G822.071 | |
| 科图分类: | ||
| 主题词: | 田径运动 | |
| 电子资源: | ||
| ISBN: | 7-5009-0181-X | |
| 000 | 00748nam0 2200253 45 | |
| 001 | 0189023910 | |
| 005 | 20061105170603.93 | |
| 010 | @a7-5009-0181-X@dCNY1.00 | |
| 020 | @aCN@b89023910 | |
| 100 | @a19910905d1988 m y0chiy0120 ea | |
| 101 | 0 | @achi |
| 102 | @aCN@b110000 | |
| 105 | @ay z 000yy | |
| 106 | @ar | |
| 200 | 10 | @a怎样组织田径运动会@Azen yang zu zhi tian jing yun dong hui@f冯鸿钧编著@Ffeng hong jun bian zhu |
| 210 | @a北京@c人民体育出版社@d1988.10 | |
| 215 | @a80页@d19cm | |
| 540 | 1 | @a组织 田径 运动会@Azu zhi tian jing yun dong hui |
| 606 | 0 | @a田径运动 |
| 690 | @aG825.07@v1980 | |
| 690 | @aG822.071@v3 | |
| 701 | 0 | @a冯鸿钧@Afeng hong jun@4编著 |
| 801 | 0 | @aCN@bNLC@c20061105 |
| 905 | @f1@b232780@dG822.071@e34 | |
| 怎样组织田径运动会/冯鸿钧编著.-北京:人民体育出版社,1988.10 |
| 80页;19cm |
| ISBN 7-5009-0181-X:CNY1.00 |
| ● |
| 相关链接 |
|
|
|
|
正题名:怎样组织田径运动会
索取号:G822.071/34
 
预约/预借
| 序号 | 登录号 | 条形码 | 馆藏地/架位号 | 状态 | 备注 |
| 1 | 0232780 | 000995882 | 密集书库/ [索取号:G822.071/34] | 在馆 | |
| 2 | 0232781 | 000995819 | 第一样本阅览室/ [索取号:G822.071/34] | 在馆 |